[Event "8th HD Bank Cup 2018"]
[Site "Hanoi VIE"]
[Date "2018.03.10"]
[Round "1.1"]
[White "Le, Quang Liem"]
[Black "Pham, Le Thao Nguyen"]
[Result "1-0"]
[WhiteTitle "GM"]
[BlackTitle "IM"]
[WhiteElo "2736"]
[BlackElo "2354"]
[WhiteFideId "12401137"]
[BlackFideId "12401226"]
[EventDate "2018.03.10"]

1. c4 e6 2. Nc3 d5 3. d4 Nf6 4. cxd5 exd5 5. Bg5 c6 6. e3 Be7 7. Bd3 Nbd7 8.
Nge2 O-O 9. Qc2 Re8 10. O-O Nf8 11. f3 h6 12. Bh4 Ne6 13. Kh1 Nh5 14. Bf2 Nf6
15. Rad1 Bd7 16. Bg1 Ng5 17. e4 dxe4 18. fxe4 Bg4 19. h3 Bh5 20. Rde1 Ne6 21. e5
Bxe2 22. Qxe2 Nd5 23. Qe4 Ng5 24. Qg4 Bb4 25. h4 Ne6 26. Rc1 Bxc3 27. bxc3 Nf8
28. c4 Nb4 29. Bb1 c5 30. d5 Rxe5 31. Bxc5 1-0

[Event "8th HD Bank Cup 2018"]
[Site "Hanoi VIE"]
[Date "2018.03.10"]
[Round "1.2"]
[White "Gu, Xiaobing"]
[Black "Wang, Hao"]
[Result "0-1"]
[WhiteTitle "WGM"]
[BlackTitle "GM"]
[WhiteElo "2354"]
[BlackElo "2713"]
[WhiteFideId "8602611"]
[BlackFideId "8602883"]
[EventDate "2018.03.10"]

1. e4 c5 2. Nf3 Nc6 3. Bb5 g6 4. Bxc6 dxc6 5. d3 Bg7 6. h3 Nf6 7. Nc3 Nd7 8. Be3
e5 9. Qd2 h6 10. O-O b6 11. Nh2 Nf8 12. f4 exf4 13. Rxf4 Be6 14. Raf1 Nd7 15.
R4f2 Qe7 16. Ne2 Ne5 17. Nf3 f6 18. Nh4 O-O-O 19. Bf4 Bf7 20. Qc3 Be8 21. Qa3
Kb7 22. Bg3 Rd7 23. Qa4 Bf7 24. Bxe5 Qxe5 25. Nf4 Qg5 26. g3 f5 27. Kh2 Bxb2 28.
exf5 gxf5 29. Ne2 Re8 30. Nxf5 Be6 31. Nh4 Bg8 32. Qf4 Rde7 33. Nf3 Qxf4 34.
Nxf4 Bc3 35. Nh4 Bxa2 36. Nf5 Rd7 37. Nxh6 a5 38. Ne2 Bh8 39. Nf7 Bxf7 0-1

[Event "8th HD Bank Cup 2018"]
[Site "Hanoi VIE"]
[Date "2018.03.10"]
[Round "1.3"]
[White "Sethuraman, S.P."]
[Black "Wang, Jue"]
[Result "0-1"]
[WhiteTitle "GM"]
[BlackTitle "WGM"]
[WhiteElo "2649"]
[BlackElo "2354"]
[WhiteFideId "5021596"]
[BlackFideId "8604070"]
[EventDate "2018.03.10"]

1. d4 d5 2. c4 c6 3. Nf3 Nf6 4. Nc3 e6 5. e3 Nbd7 6. Bd3 dxc4 7. Bxc4 b5 8. Bd3
Bb7 9. O-O a6 10. e4 c5 11. d5 Qc7 12. Qe2 c4 13. Bc2 e5 14. Bd2 Bd6 15. Nh4 g6
16. Bh6 Bf8 17. Qd2 Bxh6 18. Qxh6 Qd6 19. Rad1 Ng4 20. Qg5 h5 21. g3 Qe7 22. Qd2
O-O 23. d6 Qe6 24. b4 Ngf6 25. Nf3 Nh7 26. Qe3 Rfe8 27. Rd2 Bc6 28. a4 Kg7 29.
Nh4 Ndf6 30. f4 Qd7 31. Nf3 Ng4 32. Qc5 exf4 33. gxf4 f6 34. h3 Nh6 35. Rg2 Nf8
36. f5 Rad8 37. axb5 axb5 38. Nd4 Bb7 39. Ndxb5 Re5 40. Qc7 Nf7 41. Rd1 Ng5 42.
Rxg5 fxg5 43. Qxc4 Kh7 44. Qd4 Qg7 45. f6 Qxf6 46. Rf1 Qg7 47. Bb3 Ne6 48. Qb6
Rd7 49. Nd4 Nf4 50. Ba4 Rf7 51. Kh2 Bxe4 52. Nxe4 Rxe4 53. Nf3 Qf6 54. Qc5 Kh6
55. d7 Ne6 56. Nd2 Rf4 57. Ne4 Qb2+ 58. Nf2 Nxc5 0-1

[Event "8th HD Bank Cup 2018"]
[Site "Hanoi VIE"]
[Date "2018.03.10"]
[Round "1.4"]
[White "Li, Ruofan"]
[Black "Mareco, Sandro"]
[Result "0-1"]
[WhiteTitle "IM"]
[BlackTitle "GM"]
[WhiteElo "2351"]
[BlackElo "2635"]
[WhiteFideId "8600643"]
[BlackFideId "112275"]
[EventDate "2018.03.10"]

1. d4 d5 2. Bf4 Nf6 3. e3 c5 4. c3 Nc6 5. Nd2 g6 6. Bd3 Qb6 7. Qb3 c4 8. Qxb6
axb6 9. Bc2 b5 10. Ne2 b4 11. O-O b5 12. e4 h6 13. Be5 Bb7 14. Bxf6 exf6 15.
Rfe1 dxe4 16. Nxe4 f5 17. Nf6+ Kd8 18. Nd5 Ra5 19. Red1 bxc3 20. bxc3 Ra3 21.
Rab1 Ba6 22. Rb2 Bd6 23. Bb1 Ne7 24. Ne3 Kc7 25. Rbd2 Bb7 26. d5 Ra5 27. g3 Rd8
28. Kf1 Bc5 29. Nf4 Rd6 30. Nfg2 Ra3 31. Rb2 Bxd5 32. Rxb5 Bxg2+ 33. Kxg2 Bxe3
34. Rxd6 Kxd6 35. fxe3 Nd5 36. e4 Nxc3 37. Rb6+ Kc5 38. Rb7 fxe4 0-1

[Event "8th HD Bank Cup 2018"]
[Site "Hanoi VIE"]
[Date "2018.03.10"]
[Round "1.5"]
[White "Gordievsky, Dmitry"]
[Black "Kunal, M."]
[Result "1-0"]
[WhiteTitle "GM"]
[WhiteElo "2630"]
[BlackElo "2340"]
[WhiteFideId "24112798"]
[BlackFideId "5018250"]
[EventDate "2018.03.10"]

1. d4 Nf6 2. Bf4 d5 3. e3 e6 4. Nd2 c5 5. c3 Nc6 6. Ngf3 Be7 7. Ne5 Nxe5 8. dxe5
Nd7 9. Bd3 Nf8 10. Bg3 Bd7 11. O-O Bc6 12. Qe2 Qc7 13. f4 g6 14. c4 dxc4 15.
Nxc4 b5 16. Nd6+ Bxd6 17. exd6 Qb7 18. e4 c4 19. Bc2 Nd7 20. Bh4 O-O 21. Be7
Rfe8 22. f5 Nc5 23. fxg6 fxg6 24. Qf2 Rxe7 25. dxe7 Qxe7 26. Qe3 e5 27. Rf2 Ne6
28. Raf1 Rf8 29. Rxf8+ Nxf8 30. Qg3 Qc5+ 31. Kh1 Ne6 32. Qh4 Bd7 33. Bd1 Qc8 34.
Qf6 Qf8 35. Bg4 Qxf6 36. Rxf6 Nc5 37. Bxd7 Nxd7 38. Rc6 Kf7 39. a4 bxa4 40. Rxc4
Nb6 41. Rc7+ Ke6 42. Rxa7 Kd6 43. Rxh7 Kc5 44. Ra7 1-0

[Event "8th HD Bank Cup 2018"]
[Site "Hanoi VIE"]
[Date "2018.03.10"]
[Round "1.6"]
[White "Nguyen, Van Hai"]
[Black "Nguyen, Ngoc Truong Son"]
[Result "1/2-1/2"]
[WhiteTitle "IM"]
[BlackTitle "GM"]
[WhiteElo "2335"]
[BlackElo "2630"]
[WhiteFideId "12400122"]
[BlackFideId "12401110"]
[EventDate "2018.03.10"]

1. e4 c6 2. d4 d5 3. Nc3 dxe4 4. Nxe4 Nf6 5. Nxf6+ exf6 6. Nf3 Bd6 7. Be2 O-O 8.
O-O Re8 9. Re1 Bf5 10. Be3 Nd7 11. h3 Nf8 12. Bd3 Qd7 13. Bxf5 Qxf5 14. c3 Re7
15. Bd2 Rae8 16. Rxe7 Rxe7 17. Qa4 a6 18. Qb3 h5 19. Re1 Rxe1+ 20. Nxe1 b5 21.
Qc2 Qe6 22. b3 Nd7 23. Qd3 f5 24. Qe3 c5 25. dxc5 Nxc5 26. Qxe6 fxe6 27. f3 e5
28. Kf2 Kf7 29. Ke2 Ke6 30. Nd3 Nxd3 31. Kxd3 1/2-1/2

[Event "8th HD Bank Cup 2018"]
[Site "Hanoi VIE"]
[Date "2018.03.10"]
[Round "1.7"]
[White "Aravindh, Chithambaram VR."]
[Black "Setyaki, Azarya Jodi"]
[Result "1-0"]
[WhiteTitle "GM"]
[BlackTitle "FM"]
[WhiteElo "2617"]
[BlackElo "2331"]
[WhiteFideId "5072786"]
[BlackFideId "7101589"]
[EventDate "2018.03.10"]

1. c4 Nf6 2. Nc3 g6 3. g3 Bg7 4. Bg2 O-O 5. d4 d6 6. Nf3 Nbd7 7. O-O e5 8. e4
exd4 9. Nxd4 Re8 10. h3 a6 11. Be3 Nc5 12. Qc2 Bd7 13. Rfe1 Rb8 14. a4 a5 15.
Rad1 h5 16. Ndb5 b6 17. f4 Na6 18. Bd4 Bxb5 19. Nxb5 Nd7 20. e5 dxe5 21. fxe5
Qg5 22. e6 Bxd4+ 23. Nxd4 Nf6 24. Qf2 1-0

[Event "8th HD Bank Cup 2018"]
[Site "Hanoi VIE"]
[Date "2018.03.10"]
[Round "1.8"]
[White "Duong, The Anh"]
[Black "Wen, Yang"]
[Result "1/2-1/2"]
[WhiteTitle "IM"]
[BlackTitle "GM"]
[WhiteElo "2327"]
[BlackElo "2608"]
[WhiteFideId "12401277"]
[BlackFideId "8602956"]
[EventDate "2018.03.10"]

1. d4 c5 2. d5 d6 3. e4 Nf6 4. Nc3 g6 5. Nf3 Bg7 6. Bb5+ Bd7 7. a4 O-O 8. h3
Bxb5 9. axb5 Nbd7 10. O-O Ne8 11. Bg5 Nc7 12. Qe2 Nb6 13. Ra5 Qd7 14. Nd2 Rfb8
15. Rfa1 Nc8 16. Ndb1 a6 17. bxa6 Rxa6 18. Rxa6 bxa6 19. Ra2 f5 20. f3 fxe4 21.
fxe4 Nb6 22. Nd2 e6 23. dxe6 Qxe6 24. Ra3 Nd7 25. Rb3 Rxb3 26. cxb3 Bd4+ 27. Kh1
Nf6 28. Bf4 Kg7 29. Bh2 g5 30. Bg1 g4 31. Qd3 gxh3 32. Qxh3 Kf7 33. Bxd4 cxd4
34. Ne2 Nb5 35. Qf3 d5 36. exd5 Qxd5 37. Qd3 Kg7 38. Kg1 Ng4 39. Nf3 Ne5 40.
Nxe5 Qxe5 41. Kf2 Qf6+ 42. Ke1 h5 43. g3 Qe5 44. Kd1 Kf6 45. Nf4 Qf5 46. Qxf5+
Kxf5 47. Nxh5 Kg4 1/2-1/2

[Event "8th HD Bank Cup 2018"]
[Site "Hanoi VIE"]
[Date "2018.03.10"]
[Round "1.9"]
[White "Zhao, Jun"]
[Black "Nguyen, Thi Mai Hung"]
[Result "1-0"]
[WhiteTitle "GM"]
[BlackTitle "WGM"]
[WhiteElo "2599"]
[BlackElo "2321"]
[WhiteFideId "8602522"]
[BlackFideId "12401676"]
[EventDate "2018.03.10"]

1. c4 c6 2. Nf3 d5 3. e3 Nf6 4. Nc3 e6 5. Qc2 Nbd7 6. b3 Bd6 7. Be2 Qe7 8. O-O
O-O 9. d4 b6 10. e4 dxe4 11. Nxe4 Bc7 12. Bg5 h6 13. Bh4 c5 14. dxc5 bxc5 15.
Rad1 Rd8 16. Qb2 e5 17. Nxf6+ gxf6 18. Nd2 Bb7 19. f3 Nf8 20. Ne4 Nh7 21. Ng3
Rxd1 22. Rxd1 Rd8 23. Qc1 Ng5 24. Nf5 Qf8 25. Rxd8 Bxd8 26. Qd2 Bb6 27. Qd7 Ba8
28. Bd3 Qd8 29. Nxh6+ Kf8 30. Qxd8+ Bxd8 31. Bxg5 fxg5 32. Be4 Bxe4 33. fxe4 Ke7
34. Kf2 Ke6 35. Kf3 Kf6 36. Kg4 Kg6 37. Nf5 Ba5 38. Ne7+ Kf6 39. Nd5+ Kg6 40. a3
Be1 41. b4 1-0

[Event "8th HD Bank Cup 2018"]
[Site "Hanoi VIE"]
[Date "2018.03.10"]
[Round "1.10"]
[White "Kathmale, Sameer"]
[Black "Karthikeyan, Murali"]
[Result "0-1"]
[WhiteTitle "IM"]
[BlackTitle "GM"]
[WhiteElo "2320"]
[BlackElo "2592"]
[WhiteFideId "5024498"]
[BlackFideId "5074452"]
[EventDate "2018.03.10"]

1. e4 c5 2. Nf3 Nc6 3. d4 cxd4 4. Nxd4 e6 5. Nc3 Qc7 6. f4 a6 7. Nxc6 bxc6 8.
Bd3 d5 9. Bd2 Nf6 10. Qf3 Rb8 11. b3 Bb4 12. e5 Nd7 13. a3 Bc5 14. Na4 Nxe5 15.
Qe2 Nxd3+ 16. Qxd3 Bd6 17. O-O O-O 18. b4 e5 19. fxe5 Bxe5 20. Rae1 Bxh2+ 21.
Kh1 Bd6 22. Nc5 f6 23. Nxa6 Qf7 24. Bf4 Ra8 25. b5 Bxf4 26. Rxf4 cxb5 27. Nc5
Bd7 28. Rh4 h6 29. Qg3 Bf5 30. Rxh6 Rac8 31. Rf1 Bxc2 32. Rfxf6 Qxf6 33. Rxf6
Rxf6 34. Qe3 Bg6 35. Nd7 Rf1+ 36. Kh2 Be4 37. Qb6 Kh7 38. Qe6 Rc2 39. Qh3+ Kg8
40. Qe6+ Kh7 41. Qh3+ Kg6 42. Ne5+ Kg5 43. Qg4+ Kf6 44. Nd7+ Ke7 45. Qxg7+ Rf7
46. Qe5+ Kxd7 0-1

[Event "8th HD Bank Cup 2018"]
[Site "Hanoi VIE"]
[Date "2018.03.10"]
[Round "1.11"]
[White "Rozum, Ivan"]
[Black "Gomes, Mary Ann"]
[Result "1-0"]
[WhiteTitle "GM"]
[BlackTitle "WGM"]
[WhiteElo "2582"]
[BlackElo "2318"]
[WhiteFideId "24104272"]
[BlackFideId "5013623"]
[EventDate "2018.03.10"]

1. d4 Nf6 2. c4 e6 3. g3 c5 4. d5 exd5 5. cxd5 d6 6. Nc3 g6 7. Nf3 Bg7 8. Bg2
O-O 9. O-O Bg4 10. Bf4 Qd7 11. a4 Nh5 12. Bd2 Na6 13. Qb3 Nb4 14. Nb5 a5 15. e4
Rae8 16. Rae1 h6 17. Bc3 Kh7 18. Nd2 Rd8 19. Nc4 Bh3 20. Nb6 Qg4 21. f3 Qg5 22.
Bxh3 1-0

[Event "8th HD Bank Cup 2018"]
[Site "Hanoi VIE"]
[Date "2018.03.10"]
[Round "1.12"]
[White "Tokhirjonova, Gulrukhbegim"]
[Black "Bogdanovich, Stanislav"]
[Result "0-1"]
[WhiteTitle "WGM"]
[BlackTitle "GM"]
[WhiteElo "2318"]
[BlackElo "2560"]
[WhiteFideId "14203626"]
[BlackFideId "14115298"]
[EventDate "2018.03.10"]

1. e4 c6 2. Nf3 d5 3. Nc3 g6 4. d4 Bg7 5. h3 dxe4 6. Nxe4 Nh6 7. Bc4 Nf5 8. c3
O-O 9. O-O Nd7 10. Bf4 a5 11. a4 Nb6 12. Ba2 Nd5 13. Bh2 b6 14. Re1 Ba6 15. Ned2
Rc8 16. Ne5 e6 17. Ne4 Qe7 18. Qc2 Rfd8 19. Rad1 Qa7 20. Qc1 Bh6 21. Qb1 Bg7 22.
Qc1 Qe7 23. Kh1 Bb7 24. Nc4 Bh6 25. Qc2 Ba8 26. Qe2 c5 27. dxc5 bxc5 28. Nxa5
Nde3 29. fxe3 Bxe4 30. Bb1 Bxg2+ 31. Kxg2 Nxe3+ 32. Kh1 Nxd1 33. Rxd1 Rxd1+ 34.
Qxd1 Rd8 35. Qf3 Qg5 36. Bd3 Qc1+ 37. Bg1 Rd5 38. Nb3 Qxb2 39. Bc4 Rf5 40. Qa8+
Bf8 41. Bxc5 Qb1+ 42. Kh2 Qc2+ 43. Kh1 Qd1+ 44. Kh2 Qc2+ 45. Kh1 Qb1+ 46. Kh2
Qa2+ 47. Kg1 Rg5+ 48. Kh1 Qb1+ 49. Kh2 Qa2+ 50. Kh1 Rxc5 51. Nxc5 Qxc4 52. Ne4
f5 53. Ng3 Qxc3 54. Kg2 Qd2+ 55. Kf1 Qe3 56. Kg2 Qd2+ 57. Kf1 Kg7 58. Qc6 Qe3
59. Kg2 Bc5 60. h4 f4 61. Ne4 f3+ 62. Kg3 f2+ 63. Kg2 f1=B+ 64. Kxf1 Qf3+ 65.
Ke1 Bb4+ 0-1

[Event "8th HD Bank Cup 2018"]
[Site "Hanoi VIE"]
[Date "2018.03.10"]
[Round "1.13"]
[White "Pichot, Alan"]
[Black "Dang, Hoang Son"]
[Result "1-0"]
[WhiteTitle "GM"]
[BlackTitle "FM"]
[WhiteElo "2558"]
[BlackElo "2317"]
[WhiteFideId "110973"]
[BlackFideId "12402435"]
[EventDate "2018.03.10"]

1. e4 g6 2. d4 Bg7 3. Nf3 d6 4. Bc4 Nf6 5. Qe2 O-O 6. O-O c6 7. Bb3 d5 8. e5 Ne8
9. c4 Nc7 10. h3 Be6 11. Nc3 Nd7 12. cxd5 cxd5 13. Ng5 Nb6 14. f4 Qd7 15. Be3
Rac8 16. Nxe6 Qxe6 17. f5 gxf5 18. Bc2 Qc6 19. Rxf5 Nc4 20. Rg5 Nxe3 21. Qxe3
Qh6 22. Qg3 Ne6 23. Rg4 Rfd8 24. Rh4 Qd2 25. Bxh7+ Kf8 26. Rf1 Rc6 27. Bg6 Ng5
28. Nb1 Qe2 29. Bd3 Qxf1+ 30. Kxf1 Ne4 31. Bxe4 Rc1+ 32. Ke2 dxe4 33. Rh7 1-0

[Event "8th HD Bank Cup 2018"]
[Site "Hanoi VIE"]
[Date "2018.03.10"]
[Round "1.15"]
[White "Lei, Tingjie"]
[Black "Vaingorten, Yaaqov"]
[Result "1-0"]
[WhiteTitle "GM"]
[BlackTitle "FM"]
[WhiteElo "2545"]
[BlackElo "2298"]
[WhiteFideId "8605114"]
[BlackFideId "2603918"]
[EventDate "2018.03.10"]

1. c4 f5 2. g3 Nf6 3. Bg2 e5 4. Nc3 Be7 5. d3 O-O 6. Nf3 d6 7. Rb1 a5 8. a3 Qe8
9. c5 Kh8 10. cxd6 Bxd6 11. Nd2 Nc6 12. Nb5 Qe7 13. Nxd6 cxd6 14. b4 axb4 15.
axb4 d5 16. b5 Nd4 17. e3 Ne6 18. O-O Bd7 19. Nf3 Nc5 20. Nxe5 Qxe5 21. d4 Qe7
22. dxc5 Qxc5 23. Bd2 Rfc8 24. Bb4 Qc4 25. Re1 Ne4 26. Bf1 Qa2 27. Re2 Qa4 28.
Qxd5 Qxb5 29. Rd2 Qxd5 30. Rxd5 Be6 31. Re5 Ba2 32. Ra1 g6 33. Bg2 Ra4 34. Be1
Rc7 35. h4 Kg7 36. g4 Kf6 37. f4 Rc2 38. h5 Nc3 39. g5+ Kf7 40. Bxc3 Rxc3 41.
Bd5+ Bxd5 42. Rxa4 Bf3 43. Rd4 Bc6 44. h6 Rb3 45. Rd6 Rb1+ 46. Kf2 Rb2+ 47. Ke1
Rb1+ 48. Kd2 Rb4 49. Rf6+ Kg8 50. Re7 1-0

[Event "8th HD Bank Cup 2018"]
[Site "Hanoi VIE"]
[Date "2018.03.10"]
[Round "1.16"]
[White "Nitish, Belurkar"]
[Black "Sivuk, Vitaly"]
[Result "0-1"]
[WhiteTitle "FM"]
[BlackTitle "GM"]
[WhiteElo "2293"]
[BlackElo "2526"]
[WhiteFideId "5084768"]
[BlackFideId "14116502"]
[EventDate "2018.03.10"]

1. d4 Nf6 2. Nf3 g6 3. Bg5 Bg7 4. Nbd2 O-O 5. c3 d6 6. e4 h6 7. Be3 Ng4 8. Bf4
e5 9. dxe5 Nxe5 10. Nxe5 dxe5 11. Be3 Qe7 12. Bc4 Nd7 13. O-O Nc5 14. Qc2 Ne6
15. Rfe1 Kh7 16. Rad1 a5 17. f3 h5 18. Nf1 Bh6 19. Bxh6 Kxh6 20. Ne3 c6 21. Qd2
Kg7 22. Bxe6 Bxe6 23. c4 Rfd8 24. Qf2 Rxd1 25. Rxd1 Rd8 26. b3 a4 27. Rxd8 Qxd8
28. Qb2 Qd6 0-1

[Event "8th HD Bank Cup 2018"]
[Site "Hanoi VIE"]
[Date "2018.03.10"]
[Round "1.17"]
[White "Vishnu Prasanna, V"]
[Black "Zou, Chen"]
[Result "0-1"]
[WhiteTitle "GM"]
[BlackTitle "FM"]
[WhiteElo "2526"]
[BlackElo "2291"]
[WhiteFideId "5030692"]
[BlackFideId "8610959"]
[EventDate "2018.03.10"]

1. e4 c5 2. Nf3 d6 3. d4 cxd4 4. Nxd4 Nf6 5. Nc3 a6 6. Bg5 e6 7. f4 Qb6 8. a3
Nc6 9. Nb3 Be7 10. Qd2 h6 11. Bh4 g5 12. Bf2 Qc7 13. Be2 gxf4 14. Qxf4 Ne5 15.
O-O Bd7 16. Bd4 Bc6 17. a4 Rg8 18. Nd2 Neg4 19. Bxf6 Nxf6 20. Kh1 O-O-O 21. Nb5
Qb6 22. Nc4 Qc5 23. b4 Qg5 24. Qxg5 Rxg5 25. Na7+ Kc7 26. Nxc6 bxc6 27. c3 Nxe4
28. Rxf7 Rd7 29. b5 axb5 30. axb5 Rxb5 31. Bg4 Bf6 32. Rxd7+ Kxd7 33. Kg1 Bxc3
34. Ra7+ Kd8 35. Kf1 Rb1+ 36. Ke2 d5 37. Kd3 Rc1 38. Bxe6 Nc5+ 0-1

[Event "8th HD Bank Cup 2018"]
[Site "Hanoi VIE"]
[Date "2018.03.10"]
[Round "1.18"]
[White "Lee, Jun Hyeok"]
[Black "Tran, Tuan Minh"]
[Result "0-1"]
[WhiteTitle "FM"]
[BlackTitle "GM"]
[WhiteElo "2286"]
[BlackElo "2522"]
[WhiteFideId "13202340"]
[BlackFideId "12401820"]
[EventDate "2018.03.10"]

1. d4 Nf6 2. Nf3 b6 3. Bg5 Bb7 4. Bxf6 exf6 5. e3 g6 6. g3 Bg7 7. Bg2 O-O 8. O-O
d5 9. Nfd2 Qc8 10. a4 f5 11. a5 c5 12. axb6 axb6 13. Rxa8 Bxa8 14. dxc5 bxc5 15.
c4 Rd8 16. cxd5 Bxd5 17. Bxd5 Rxd5 18. Qb3 Rd8 19. Nc4 Qe6 20. Nc3 Nc6 21. Qb5
f4 22. exf4 Nd4 23. Qb6 Qc8 24. Nd6 Qb8 25. Qxb8 Rxb8 26. Ra1 Bf8 27. Nce4 Bxd6
28. Nxd6 Rxb2 29. Ra8+ Kg7 30. Ra7 Nf3+ 31. Kg2 Ne1+ 32. Kh3 Rxf2 33. Rxf7+ Kg8
34. Rd7 Nf3 35. Ne4 Rxh2+ 36. Kg4 Nd4 37. Nxc5 Nf5 38. Ne4 Kf8 39. Kg5 Ne7 40.
Nd6 Nd5 41. Rd8+ Ke7 42. Nb7 Nf6 43. f5 Rh5+ 44. Kf4 Rxf5+ 45. Ke3 Rb5 46. Rb8
Rb3+ 47. Kd4 Nd7 48. Kc4 Rb1 49. Kd4 0-1

[Event "8th HD Bank Cup 2018"]
[Site "Hanoi VIE"]
[Date "2018.03.10"]
[Round "1.19"]
[White "Deepan, Chakkravarthy J."]
[Black "Kulkarni, Bhakti"]
[Result "1-0"]
[WhiteTitle "GM"]
[BlackTitle "CM"]
[WhiteElo "2520"]
[BlackElo "2275"]
[WhiteFideId "5011132"]
[BlackFideId "5019516"]
[EventDate "2018.03.10"]

1. Nf3 d5 2. g3 Nf6 3. Bg2 e6 4. O-O c5 5. c3 Be7 6. d3 O-O 7. a3 Nc6 8. Nbd2
Qc7 9. b4 b6 10. b5 Ne5 11. a4 Nxf3+ 12. Nxf3 a6 13. Bf4 Bd6 14. Bxd6 Qxd6 15.
e4 Nd7 16. Re1 Bb7 17. e5 Qc7 18. d4 Ra7 19. Qd2 Rfa8 20. Rab1 axb5 21. axb5 Ra2
22. Rb2 Rxb2 23. Qxb2 Qb8 24. h4 Qa7 25. h5 Qa4 26. h6 g6 27. Ng5 c4 28. Bh3 Qa3
29. Qxa3 Rxa3 30. Re3 Ra1+ 31. Kg2 Rd1 32. Nxe6 Rd3 33. Nd8 Bc8 34. Nc6 1-0

[Event "8th HD Bank Cup 2018"]
[Site "Hanoi VIE"]
[Date "2018.03.10"]
[Round "1.20"]
[White "Nguyen, Thi Thanh An"]
[Black "Xu, Yi"]
[Result "1/2-1/2"]
[WhiteTitle "WGM"]
[BlackTitle "IM"]
[WhiteElo "2274"]
[BlackElo "2499"]
[WhiteFideId "12400300"]
[BlackFideId "8605564"]
[EventDate "2018.03.10"]

1. d4 Nf6 2. c4 e6 3. Nc3 Bb4 4. Qc2 b6 5. Bg5 Bb7 6. e3 h6 7. Bh4 g5 8. Bg3 Ne4
9. Ne2 f5 10. f3 Nxg3 11. hxg3 Qf6 12. a3 Be7 13. Nb5 Na6 14. O-O-O c6 15. Nbc3
d5 16. cxd5 cxd5 17. Qa4+ Kd8 18. Kb1 Nc7 19. Nc1 Bd6 20. Nd3 Ke7 21. g4 a6 22.
gxf5 exf5 23. f4 Rae8 24. g3 g4 25. Qb3 b5 26. Bg2 Kf8 27. Ne5 Qe6 28. Na4 Kg7
29. Nc5 Bxc5 30. dxc5 Bc6 31. Nxc6 Qxc6 32. Bxd5 Nxd5 33. Qxd5 Qxd5 34. Rxd5
Rxe3 35. c6 Rf8 36. Rd7+ Kg6 37. Rd6+ Kg7 38. Rhxh6 Rc8 39. Rdg6+ Kf7 40. Rf6+
Ke7 41. Rxf5 Rxg3 42. Rg5 Rh3 43. Rg7+ Kf8 44. Rxh3 Kxg7 45. Rh4 Rxc6 46. Rxg4+
Kf6 47. Ka2 Kf5 48. Rh4 Ke4 49. Kb3 Kf5 50. a4 bxa4+ 51. Kxa4 Rf6 52. Ka5 Ke4
53. b4 Kd5 54. Rh1 Kc6 55. Rc1+ Kb7 56. Rc4 Rf5+ 57. Ka4 Kb6 58. Re4 Kc6 59. Rd4
Kc7 60. Re4 Kc6 61. Rd4 Kc7 62. Kb3 a5 63. bxa5 Rxa5 64. Kc3 Kc6 65. Re4 Kd6 66.
Kd3 Ra3+ 67. Ke2 Ra7 68. Kf3 Re7 69. Ra4 Ke6 70. Ra5 Kf6 71. Kg4 Rg7+ 72. Kf3
Rg1 73. Ra6+ Kf5 74. Ra5+ Kf6 75. Re5 Rf1+ 76. Ke4 Re1+ 77. Kd5 1/2-1/2

[Event "8th HD Bank Cup 2018"]
[Site "Hanoi VIE"]
[Date "2018.03.10"]
[Round "1.21"]
[White "Nguyen, Anh Dung"]
[Black "Abelgas, Roel"]
[Result "0-1"]
[WhiteTitle "GM"]
[BlackTitle "FM"]
[WhiteElo "2491"]
[BlackElo "2273"]
[WhiteFideId "12400025"]
[BlackFideId "5200970"]
[EventDate "2018.03.10"]

1. e4 c6 2. d4 d5 3. f3 dxe4 4. fxe4 e5 5. Nf3 Bg4 6. Bc4 Nd7 7. c3 Bh5 8. O-O
Ngf6 9. Bg5 Bd6 10. Nbd2 Qc7 11. Kh1 O-O 12. Qe1 Rae8 13. Qh4 Bg6 14. Rae1 b5
15. Bb3 a6 16. dxe5 Nxe5 17. Bxf6 gxf6 18. Nxe5 Rxe5 19. h3 Be7 20. Nf3 Rh5 21.
Qg4 Qc8 22. Qf4 c5 23. Bd5 Rd8 24. b3 Qb8 25. Qxb8 Rxb8 26. c4 Bd6 27. Kg1 Kg7
28. Kf2 f5 29. e5 Be7 30. Rd1 f4 31. Rfe1 Rh6 32. e6 f5 33. Kf1 Be8 34. Ne5 Rb6
35. Nd7 Rd6 36. Nxc5 f3 37. Nd3 fxg2+ 38. Kxg2 Bh5 39. Rd2 Rg6+ 40. Kh2 Rxd5 41.
cxd5 Bd6+ 42. Ne5 Kf6 43. e7 Rg7 44. Rc2 Be8 45. Rc8 Rxe7 46. Kg2 Bxe5 47. Ra8
f4 48. Rxa6+ Kf5 49. a4 bxa4 50. bxa4 Bf7 51. Ra5 Kf6 52. Ra6+ 0-1

[Event "8th HD Bank Cup 2018"]
[Site "Hanoi VIE"]
[Date "2018.03.10"]
[Round "1.22"]
[White "Andyka, Pitra"]
[Black "Le, Tuan Minh"]
[Result "0-1"]
[WhiteTitle "FM"]
[BlackTitle "IM"]
[WhiteElo "2265"]
[BlackElo "2489"]
[WhiteFideId "7103255"]
[BlackFideId "12401153"]
[EventDate "2018.03.10"]

1. Nf3 Nf6 2. c4 e6 3. g3 d5 4. Bg2 dxc4 5. O-O Nbd7 6. Qc2 c5 7. Na3 a6 8. Nxc4
Nd5 9. d4 b5 10. Nce5 Qb6 11. e4 Nb4 12. Qd1 cxd4 13. a3 Nxe5 14. Nxe5 Bd6 15.
Bf4 Bxe5 16. Bxe5 Nc6 17. Bxg7 Rg8 18. Bf6 Bb7 19. Rc1 Rg6 20. Bh4 Kf8 21. Qh5
Kg8 22. b4 a5 23. Rc5 axb4 24. Rxb5 Qc7 25. axb4 Ba6 26. Ra1 Qd7 27. Rc5 Nxb4
28. e5 Rc8 29. Rxc8+ Qxc8 30. Be4 Bb7 31. Qf3 Bd5 32. Be7 Qc3 33. Qxc3 dxc3 34.
Bxd5 Nxd5 35. Ra8+ Kg7 36. Bf8+ Kh8 37. Kf1 Rg8 38. Ke2 h5 39. Kd3 Kh7 40. Rb8
h4 41. Bd6 hxg3 42. hxg3 Rg5 43. Rc8 Rf5 44. f4 Rh5 45. Ke4 Rh2 46. f5 Re2+ 47.
Kf3 Re3+ 48. Kg4 Rd3 49. f6 c2 50. Rf8 c1=Q 51. Rxf7+ Kg6 52. Rg7+ Kh6 53. f7
Qd1+ 0-1

[Event "8th HD Bank Cup 2018"]
[Site "Hanoi VIE"]
[Date "2018.03.10"]
[Round "1.23"]
[White "Saduakassova, Dinara"]
[Black "Anand, Nadar"]
[Result "1/2-1/2"]
[WhiteTitle "IM"]
[BlackTitle "FM"]
[WhiteElo "2479"]
[BlackElo "2262"]
[WhiteFideId "13700090"]
[BlackFideId "25009141"]
[EventDate "2018.03.10"]

1. e4 c6 2. d4 d5 3. Nd2 dxe4 4. Nxe4 Bf5 5. Ng3 Bg6 6. Nh3 Nf6 7. Nf4 e5 8.
Nxg6 hxg6 9. dxe5 Qa5+ 10. Bd2 Qxe5+ 11. Qe2 Nbd7 12. O-O-O O-O-O 13. Qc4 Nd5
14. Bd3 Nc5 15. Ba5 b6 16. Bd2 f5 17. a4 Qf6 18. h4 Nxd3+ 19. cxd3 Re8 20. Bg5
Qe6 21. Kb1 Bc5 22. Rd2 Nb4 23. Rc1 Qxc4 24. dxc4 Be7 25. Ne2 Bxg5 26. hxg5 Rd8
27. Rdd1 Nd3 28. Rc2 Nxf2 29. Rxd8+ Rxd8 30. Nf4 Rd1+ 31. Rc1 Rd2 32. Rc2 Rd1+
33. Rc1 Rd2 1/2-1/2